000 00674nam a2200217Ii 4500
003 JO-AjNU
008 230605s9999||||xx |||||||||||||| ||und||
017 _a2013/9/3181
040 _aJO-AjNU
_bara
_erda
_cJO-AjNU
041 _aara
050 1 4 _aPJ7860 2013
100 3 _aتأليف التميمي، جمانة عرفات شبانه,
_eauthor
_948052
245 0 0 _aديوان بيض حسان
250 _aط1
264 3 1 _aعمان:دار الجوزي،2013
300 _a209ص
336 _atext
_btxt
_2rdacontent
337 _aunmediated
_bn
_2rdamedia
338 _avolume
_bnc
_2rdacarrier
650 4 _aالشعر العربي - العصر الحديث
_948053
999 _aA21018
_c24586
_d24586